Statistics for All The Young Dudes Quotes

Click here to take the quiz!

General Stats

  • This quiz has been taken 142 times
  • The average score is 6 of 13

Answer Stats

HintAnswer% Correct
Anything ...for our Moony
82%
Oh God,I Fancy ...Sirius Black
81%
Tell me a secret, ...a nice one
71%
I'm mental about ...you too
67%
That Sirius Black ...grin
62%
Pete ...a word
56%
You were my ...little bit of magic
53%
We are the marauders. All for one ...and one for all
38%
No one owes you ...A happy life
36%
The marauders are a ...... we don't have leaderssocialist utopia
28%
You still deserve ...some fun
12%
After all that waiting ...They didn't have very long in the end
8%
Sirius Black must be ....The bravest boy in the world
7%

Score Distribution

Percentile by Number Answered

Percent of People with Each Score

Your Score History

You have not taken this quiz